Silvio Rodríguez: canciones y biografía
Bewaard in:
| Formaat: | Boek |
|---|---|
| Taal: | Spaans |
| Gepubliceerd in: |
Santiago
Lusic y Asociados
2000
|
| Onderwerpen: | |
| Tags: |
Voeg label toe
Geen labels, Wees de eerste die dit record labelt!
|
MARC
| LEADER | 00000nam a2200000 a 4500 | ||
|---|---|---|---|
| 001 | UCK7912 | ||
| 003 | CL-VaPUC | ||
| 008 | 051230e20000000CL |||||||||||||||||spa|d | ||
| 082 | 0 | 4 | |a 781.6291 |b SIL |2 21 |
| 245 | 1 | 0 | |a Silvio Rodríguez: canciones y biografía |
| 300 | |a 56 p | ||
| 942 | |c BK | ||
| 945 | |d 20051230 00:00:00 |a cmena | ||
| 260 | |a Santiago |b Lusic y Asociados |c 2000 | ||
| 600 | 0 | 7 | |a RODRIGUEZ, SILVIO |2 CL-VaPUC |9 497610 |
| 650 | 7 | |a CANCIONEROS |2 CL-VaPUC |9 497611 | |
| 650 | 0 | |a Música cubana |9 413108 | |
| 650 | 0 | |a Biografías |9 255210 | |
| 650 | 0 | |a Canto a lo humano |9 433764 | |
| 650 | 0 | |a Canto a lo divino |9 433763 | |
| 650 | 0 | |a Partituras |9 324008 | |
| 650 | 0 | |a Compositores cubanos |9 497612 | |
| 583 | |a last modification |c 20051230 00:00:00 |k Rodrigo Vera | ||
| 999 | |c 315748 |d 315746 | ||
| 952 | |0 0 |1 0 |4 0 |6 781_629100000000000_SIL_2000 |7 0 |8 A |9 389418 |a BIBEDU |b BIBEDU |d 2019-11-22 |i 4196120 |l 1 |m 1 |o 781.6291 SIL 2000 |p 4196120 |r 2024-04-29 |s 2024-04-17 |w 2019-11-22 |y BK |k MUS | ||